Biblioteca hispana nueva (Record no. 19927)

MARC details
000 -LEADER
campo de control de longitud fija 01272nam a2200277 i 4500
001 - NÚMERO DE CONTROL
campo de control 19927
003 - IDENTIFICADOR DE NÚMERO DE CONTROL
campo de control ES-MaACL
005 - FECHA Y HORA DE LA ÚLTIMA TRANSACCIÓN
campo de control 20250627063624.0
007 - CAMPO FIJO DE DESCRIPCIÓN FÍSICA--INFORMACIÓN GENERAL
campo de control de longitud fija t|
008 - DATOS DE LONGITUD FIJA--INFORMACIÓN GENERAL
campo de control de longitud fija 021104s1999 sp b |||| |dspa d
020 ## - NÚMERO INTERNACIONAL ESTÁNDAR DEL LIBRO
Número Internacional Estándar del Libro 84-7392-437-1
080 ## - NÚMERO DE LA CLASIFICACIÓN DECIMAL UNIVERSAL
Número de la Clasificación Decimal Universal 013(460)"14/16"
080 ## - NÚMERO DE LA CLASIFICACIÓN DECIMAL UNIVERSAL
Número de la Clasificación Decimal Universal 929(460)"14/16"
100 1# - ENTRADA PRINCIPAL--NOMBRE DE PERSONA
Nombre de persona Antonio, Nicolás,
Fechas asociadas al nombre 1617-1684
9 (RLIN) 21980
245 10 - MENCIÓN DEL TÍTULO
Título Biblioteca hispana nueva
Resto del título : o de los escritores españoles que brillaron desde el año MD hasta el MDCLXXXIV /
Mención de responsabilidad, etc. autor, Nicolas Antonio ; [director de la traducción, Gregorio de Andrés Martínez].
260 ## - PUBLICACIÓN, DISTRIBUCIÓN, ETC.
Lugar de publicación, distribución, etc. Madrid :
Nombre del editor, distribuidor, etc. Fundación Universitaria Española,
Fecha de publicación, distribución, etc. 1999.
300 ## - DESCRIPCIÓN FÍSICA
Extensión 2 v. ;
Dimensiones 35 cm +
Material acompañante/anejo 1 CD.
500 ## - NOTA GENERAL
Nota general Trad. de la edición que hizo don Francisco Pérez Bayer en 1788, y que fue imp. en Madrid en la Imprenta de la Viuda y Herederos de don Joaquín Ibarra, impresor real.
500 ## - NOTA GENERAL
Nota general Trad. de: Bibliotheca hispana nova.
505 8# - NOTA DE CONTENIDO CON FORMATO
Nota de contenido con formato El CD contiene la reproducción digital de Biblioteca hispana nueva y Biblioteca hispana antigua
650 14 - PUNTO DE ACCESO ADICIONAL DE MATERIA--TÉRMINO DE MATERIA
Término de materia o nombre geográfico como elemento de entrada Escritores españoles-
Subdivisión cronológica S.XV-XVI-
Subdivisión de forma Biobibliografías.
9 (RLIN) 12389
700 1# - ENTRADA AGREGADA--NOMBRE PERSONAL
Nombre de persona Andrés Martínez, Gregorio de.
9 (RLIN) 21613
852 ## - LOCALIZACIÓN
Ubicación ES-MaACL
Número de control de estantería B-9110-11
852 ## - LOCALIZACIÓN
Ubicación ES-MaACL
Número de control de estantería ROT 2/2/17
Nota libre (CD-ROM)
Holdings
Estatus retirado Estado de pérdida Estado de daño No para préstamo Biblioteca de origen Biblioteca actual Ubicación en estantería Fecha de adquisición Fuente de adquisición Total de préstamos Signatura topográfica completa Código de barras Visto por última vez Precio de reemplazo Tipo de ítem Koha
        Biblioteca del Ateneo de Madrid Biblioteca del Ateneo de Madrid Depósito 17/01/2008     ROT 2/2/17 1020412 23/02/2023 23/02/2023 Libro impreso
        Biblioteca del Ateneo de Madrid Biblioteca del Ateneo de Madrid Sala Pardo Bazán 17/01/2008     B-9110-11 1020411 23/02/2023 23/02/2023 Libro impreso